| 000 | 00900cam a22002893a 4500 | ||
|---|---|---|---|
| 001 | 24507 | ||
| 003 | PGUSA | ||
| 005 | 20140828083526.0 | ||
| 008 | 080204s2008||||xxu|||||s|||||000 | eng d | ||
| 040 |
_aPGUSA _beng |
||
| 042 | _adc | ||
| 050 | 4 | _aBR | |
| 100 | 1 |
_aSteiner, Rudolf, _d1861-1925 |
|
| 245 | 1 | 0 |
_aChristianity As Mystical Fact : _bAnd The Mysteries of Antiquity _h[electronic resource] / _cRudolf Steiner |
| 260 |
_bProject Gutenberg, _c2008 |
||
| 506 | _aPublic domain in the USA. | ||
| 516 | _aElectronic text | ||
| 653 | _aMysteries, Religious | ||
| 653 | _aChristianity and other religions | ||
| 653 | _aMysticism | ||
| 653 | _aAnthroposophy | ||
| 700 | 1 | _aCollison, Harry | |
| 740 | 0 | _aChristentum als mystische Tatsache und die Mysterien des Altertums. English | |
| 830 | 0 |
_aProject Gutenberg _v24507 |
|
| 856 | 4 | 0 | _uhttp://www.gutenberg.org/ebooks/24507 |
| 942 | _cEB | ||
| 999 |
_c253762 _d253762 |
||